000
00291nam a2200109 4500
999
_c
13185
_d
13185
008
190211b ||||| |||| 00| 0 eng d
245
_a
Ignorance of history.
260
_a
Philippines
_b
Philippine Daily Inquirer
_c
c2018
300
_a
page A15.
650
0
_9
36867
_a
History.
942
_2
ddc
_c
PER